=LDR 00000nam 2200000 4500 =001 INLIS000000000028004 =005 20130612130334 =008 ***********************************Ind** =035 ##$$0010-061300000028004 =041 ##$$a Ind =082 ##$$a 370.021 =090 ##$$a 370.021, Sub s =100 ##$$a Subana =245 ##$$a Statistik pendidikan, Subana =260 ##$$a 2005 $b Bandung =300 ##$$a 221 hlm, 20 cm =650 ##$$a Pendidikan - Statistik =850 ##$$a NBPNMAT